El hombre de dos reinos (Registro nro. 54556)
[ vista simple ]
| 000 -CABECERA | |
|---|---|
| campo de control de longitud fija | 01493ngm a22002890a 4500 |
| 001 - NÚMERO DE CONTROL | |
| campo de control | PT19517 |
| 003 - IDENTIFICADOR DEL NÚMERO DE CONTROL | |
| campo de control | AR-LpoUNG |
| 005 - FECHA Y HORA DE LA ÚLTIMA TRANSACCIÓN | |
| campo de control | 20210202000310.0 |
| 007 - CAMPO FIJO DE DESCRIPCIÓN FÍSICA--INFORMACIÓN GENERAL | |
| campo de control de longitud fija | vd cvaizq |
| 008 - DATOS DE LONGITUD FIJA--INFORMACIÓN GENERAL | |
| campo de control de longitud fija | 191001suuuu||||ag |||||||||||||||||eng d |
| 037 ## - FUENTE DE ADQUISICIÓN | |
| Condiciones de disponibilidad | $9,97 |
| 040 ## - FUENTE DE LA CATALOGACIÓN | |
| Centro catalogador/agencia de origen | AR-LpoUNG |
| Lengua de catalogación | spa |
| Centro/agencia transcriptor | AR-LpoUNG |
| Normas de descripción | aacr |
| 041 ## - CÓDIGO DE LENGUA | |
| Código de lengua del texto/banda sonora o título independiente | eng |
| 044 ## - CÓDIGO DEL PAÍS DE LA ENTIDAD EDITORA/PRODUCTORA | |
| Código MARC del país | ag |
| 082 0# - NÚMERO DE LA CLASIFICACIÓN DECIMAL DEWEY | |
| Número de clasificación | 940.2 588hom |
| 100 1# - ENTRADA PRINCIPAL--NOMBRE DE PERSONA | |
| Nombre de persona | Heston, Charlton |
| 245 13 - MENCIÓN DE TÍTULO | |
| Título | El hombre de dos reinos |
| 260 ## - PUBLICACIÓN, DISTRIBUCIÓN, ETC. | |
| Lugar de publicación, distribución, etc. | San Luis : |
| Nombre del editor, distribuidor, etc. | Transeuropa Video Entertainment, |
| Fecha de publicación, distribución, etc. | [1988]. |
| 300 ## - DESCRIPCIÓN FÍSICA | |
| Extensión | VHS (150 min.) : son., col. |
| 520 ## - SUMARIO, ETC. | |
| Sumario, etc. | La primera esposa de Enrique VIII, Catalina de Aragón, es incapaz de darle un heredero al trono, él usa esto como un pretexto para que el Papa le conceda el divorcio y así poder casarse con su conquista más reciente. El Rey es apoyado en esta petición por todos excepto por el sumamente considerado y religioso Thomas Moro. Cuando el Cardenal Wolsey, canciller de Inglaterra, nombra a Moro como su sucesor, se le hace importante a Enrique VIII poder conseguir el apoyo de Moro, pero Moro no se deja influenciar. Enrique VIII exige al clero la renuncia del Papa y ser nombrado Jefe de la Iglesia Anglicana. Oliver Cromwell engaña a Moro, forzándolo a renunciar como Cardenal. A raís de eso, Moro es procesado, declarado culpable de traición y decapitado |
| 650 #4 - PUNTO DE ACCESO ADICIONAL DE MATERIA--TÉRMINO DE MATERIA | |
| Término de materia o nombre geográfico como elemento de entrada | BIOGRAFIAS |
| 650 #4 - PUNTO DE ACCESO ADICIONAL DE MATERIA--TÉRMINO DE MATERIA | |
| Término de materia o nombre geográfico como elemento de entrada | HISTORIA |
| 651 #4 - PUNTO DE ACCESO ADICIONAL DE MATERIA--NOMBRE GEOGRÁFICO | |
| Nombre geográfico | Reino Unido de Gran Bretaña e Irlanda del Norte |
| 653 ## - TÉRMINO DE INDIZACIÓN--NO CONTROLADO | |
| Término no controlado | VIDEOS |
| 905 ## - ELEMENTOS DE DATOS E LOCAL, LDE (RLIN) | |
| a | 19517 |
| 942 ## - ELEMENTOS DE PUNTO DE ACCESO ADICIONAL (KOHA) | |
| Tipo de ítem Koha | Video |
| Estado de retiro | Estado de pérdida | Estado dañado | No para préstamo | Código de colección | Localización permanente | Ubicación/localización actual | Fecha de adquisición | Total de préstamos | Signatura topográfica completa | Código de barras | Fecha visto por última vez | Precio válido a partir de | Tipo de ítem Koha |
|---|---|---|---|---|---|---|---|---|---|---|---|---|---|
| Colección Cine | Biblioteca Universidad Nacional de General Sarmiento | Biblioteca Universidad Nacional de General Sarmiento | 02/02/2021 | 940.2 588hom | 00021218 | 02/02/2021 | 02/02/2021 | Video |